| 000 | 00506nam a2200193Ia 4500 | ||
|---|---|---|---|
| 008 | 180207s9999 xx 000 0 und d | ||
| 020 | _a9781586682385 | ||
| 050 | _bB531 2002 | ||
| 100 | _aBernthal, Mark S. | ||
| 245 | _aGo to the library / | ||
| 245 | _cby Mark S. Bernthal ; photography by Dennis Full. | ||
| 260 | _aNew York : | ||
| 260 | _bScholastic, | ||
| 260 | _c2002 | ||
| 300 | _aunpaged : | ||
| 300 | _bcolor illustrations ; | ||
| 300 | _c18cm. | ||
| 440 | _aBarney & BJ go to series. | ||
| 999 |
_c355821 _d355821 |
||